[Event "Adelaide Freytag op"]
[Site "Adelaide"]
[Date "2009.07.05"]
[Round "6"]
[White "Ivancic, Fabian"]
[Black "Searle, Zachary"]
[Result "1/2-1/2"]
[WhiteElo "1642"]
[BlackElo "1746"]
[PlyCount "56"]
[EventDate "2009.07.04"]
[EventType "swiss"]
[EventRounds "7"]
[EventCountry "AUS"]
[SourceTitle "EXT 2023"]
[Source "ChessBase"]
[SourceDate "2022.10.05"]
[SourceVersion "1"]
[SourceVersionDate "2022.10.05"]
[SourceQuality "1"]

1. e4 c5 2. Nf3 Nc6 3. d4 cxd4 4. Nxd4 e5 5. Nb5 d6 6. N1c3 a6 7. Na3 b5 8. Nd5 Be6 9. c3 Bxd5 10. Qxd5 Nge7 11. Qd1 d5 12. exd5 Nxd5 13. Nc2 Bc5 14. Be2 0-0 15. 0-0 f5 16. c4 Nc7 17. a3 bxc4 18. Bxc4+ Kh8 19. b4 Bb6 20. Bb2 Qe7 21. Kh1 Rf6 22. Qe1 Rh6 23. f4 e4 24. Ne3 Rf8 25. Rd1 Rd6 26. Qg3 Rg6 27. Qe1 Rd6 28. Qg3 Bd4 1/2-1/2

[Event "Adelaide Freytag op"]
[Site "Adelaide"]
[Date "2009.07.04"]
[Round "1"]
[White "Srdic, Goran"]
[Black "Ivancic, Fabian"]
[Result "1-0"]
[WhiteElo "2074"]
[BlackElo "1642"]
[PlyCount "71"]
[EventDate "2009.07.04"]
[EventType "swiss"]
[EventRounds "7"]
[EventCountry "AUS"]
[SourceTitle "EXT 2023"]
[Source "ChessBase"]
[SourceDate "2022.10.05"]
[SourceVersion "1"]
[SourceVersionDate "2022.10.05"]
[SourceQuality "1"]

1. e4 e5 2. Nf3 Nc6 3. Bb5 a6 4. Ba4 Nf6 5. 0-0 Be7 6. Qe2 b5 7. Bb3 0-0 8. c3 d6 9. a4 bxa4 10. Bxa4 Nb8 11. d4 exd4 12. cxd4 Bg4 13. Nc3 c6 14. h3 Bh5 15. Rd1 Nfd7 16. Bf4 f5 17. e5 d5 18. Qd3 Kh8 19. e6 Nb6 20. Bc2 Nc4 21. Ra2 Nd6 22. g4 Bg6 23. Ne5 Rf6 24. Nxg6+ Rxg6 25. Bxd6 Qxd6 26. Qxf5 Qxe6 27. Qh5 Kg8 28. Bxg6 hxg6 29. Qe5 Qxe5 30. dxe5 Nd7 31. f4 Bc5+ 32. Kg2 Rf8 33. Nxd5 cxd5 34. Rxd5 Rxf4 35. Rxd7 Re4 36. Rd5 1-0

[Event "Adelaide Queen's Birthday op"]
[Site "Adelaide"]
[Date "2009.06.07"]
[Round "4"]
[White "Ivancic, Fabian"]
[Black "Searle, Zachary"]
[Result "0-1"]
[WhiteElo "1642"]
[BlackElo "1746"]
[PlyCount "72"]
[EventDate "2009.06.06"]
[EventType "swiss"]
[EventRounds "6"]
[EventCountry "AUS"]
[SourceTitle "EXT 2023"]
[Source "ChessBase"]
[SourceDate "2022.10.05"]
[SourceVersion "1"]
[SourceVersionDate "2022.10.05"]
[SourceQuality "1"]

1. e4 c5 2. Nf3 Nc6 3. d4 cxd4 4. Nxd4 Nf6 5. Nc3 e5 6. Ndb5 d6 7. Bg5 a6 8. Na3 b5 9. Nd5 Be7 10. Bxf6 Bxf6 11. c3 0-0 12. Nc2 Rb8 13. Be2 Bg5 14. Nce3 Be6 15. Qd3 Bxe3 16. Nxe3 Qd7 17. 0-0 a5 18. b3 Kh8 19. h3 g6 20. Rad1 Rfd8 21. f4 exf4 22. Rxf4 Ne5 23. Qd4 Kg8 24. Nd5 Bxd5 25. exd5 Qc7 26. c4 bxc4 27. Bxc4 Rb4 28. a3 Rbb8 29. Rb1 Re8 30. b4 g5 31. Re4 f5 32. Rxe5 Rxe5 33. Rc1 axb4 34. Kh2 Qb6 35. Qd2 Qe3 36. Qb2 Qxa3 0-1

[Event "Adelaide Interclub-A"]
[Site "Adelaide"]
[Date "2009.06.02"]
[Round "5.2"]
[White "Juszczynski, Mathew"]
[Black "Ivancic, Fabian"]
[Result "1/2-1/2"]
[WhiteElo "1872"]
[BlackElo "1642"]
[PlyCount "74"]
[EventDate "2009.05.05"]
[EventType "team-tourn"]
[EventRounds "9"]
[EventCountry "AUS"]
[SourceTitle "EXT 2023"]
[Source "ChessBase"]
[SourceDate "2022.10.05"]
[SourceVersion "1"]
[SourceVersionDate "2022.10.05"]
[SourceQuality "1"]

1. d4 d5 2. c4 e6 3. Nc3 Nf6 4. Bg5 Be7 5. e3 c6 6. Nf3 0-0 7. Bd3 dxc4 8. Bxc4 b5 9. Bd3 a6 10. 0-0 Bb7 11. e4 h6 12. Bh4 Nbd7 13. e5 Nd5 14. Bxe7 Qxe7 15. Ne4 c5 16. dxc5 Nxc5 17. Nxc5 Qxc5 18. Rc1 Qe7 19. Bb1 Nf4 20. Qc2 g6 21. Qc7 Qxc7 22. Rxc7 Bxf3 23. gxf3 Rfd8 24. Be4 Rab8 25. Re1 Rd2 26. Bc2 Nh3+ 27. Kg2 Nxf2 28. Kg3 Nd3 29. Bxd3 Rxd3 30. Re2 Rbd8 31. Ra7 Rd2 32. Kf2 R8d5 33. Rxa6 Rxe2+ 34. Kxe2 Rxe5+ 35. Kf2 Rh5 36. Kg3 Rg5+ 37. Kh3 Rh5+ 1/2-1/2

[Event "Adelaide Interclub-A"]
[Site "Adelaide"]
[Date "2009.05.26"]
[Round "4.2"]
[White "Ivancic, Fabian"]
[Black "Kelly, Jonathan"]
[Result "1-0"]
[WhiteElo "1642"]
[BlackElo "1789"]
[PlyCount "95"]
[EventDate "2009.05.05"]
[EventType "team-tourn"]
[EventRounds "9"]
[EventCountry "AUS"]
[SourceTitle "EXT 2023"]
[Source "ChessBase"]
[SourceDate "2022.10.05"]
[SourceVersion "1"]
[SourceVersionDate "2022.10.05"]
[SourceQuality "1"]

1. e4 d6 2. d4 Nf6 3. Nc3 g6 4. f4 Bg7 5. Nf3 0-0 6. Bc4 c6 7. e5 dxe5 8. fxe5 Nd5 9. Nxd5 cxd5 10. Bd3 Nc6 11. c3 Bg4 12. h3 Bxf3 13. gxf3 e6 14. h4 h5 15. Be3 Qb6 16. Qd2 Na5 17. b3 Rfc8 18. Rc1 Qd8 19. Bg5 Qe8 20. Rg1 a6 21. Bf6 Qf8 22. Qg5 Rc7 23. f4 Nc6 24. Rc2 Ne7 25. Rcg2 Nf5 26. Bxf5 exf5 27. Bxg7 Qxg7 28. Kd2 Rac8 29. Rg3 Kf8 30. Qxf5 gxf5 31. Rxg7 Rxc3 32. Rg8+ Ke7 33. Rxc8 Rxc8 34. Rg5 Ke6 35. Rxh5 Rg8 36. Rg5 Rh8 37. h5 b5 38. Ke3 a5 39. Kf3 Rc8 40. h6 Rh8 41. Rh5 Rh7 42. Kg3 f6 43. Kh4 fxe5 44. fxe5 a4 45. Kg5 axb3 46. axb3 f4 47. Kg6 Rf7 48. h7 1-0

[Event "Adelaide Interclub-A"]
[Site "Adelaide"]
[Date "2009.05.19"]
[Round "3.2"]
[White "Milton, Anthony W"]
[Black "Ivancic, Fabian"]
[Result "0-1"]
[WhiteElo "1683"]
[BlackElo "1642"]
[PlyCount "46"]
[EventDate "2009.05.05"]
[EventType "team-tourn"]
[EventRounds "9"]
[EventCountry "AUS"]
[SourceTitle "EXT 2023"]
[Source "ChessBase"]
[SourceDate "2022.10.05"]
[SourceVersion "1"]
[SourceVersionDate "2022.10.05"]
[SourceQuality "1"]

1. d4 d5 2. c4 e6 3. Nc3 Nf6 4. Nf3 c6 5. Bg5 dxc4 6. e4 b5 7. e5 h6 8. Bh4 g5 9. Nxg5 hxg5 10. Bxg5 Nbd7 11. exf6 Bh6 12. Bxh6 Rxh6 13. a4 b4 14. Na2 a5 15. Bxc4 Nb6 16. Be2 Qxf6 17. Bf3 Bd7 18. Nc1 Nd5 19. Nb3 Qf4 20. g3 Qg5 21. Nc5 Rb8 22. Rc1 Rh8 23. Qe2 Qxc1+ 0-1

[Event "AUS-ch U18"]
[Site "Adelaide"]
[Date "2009.01.07"]
[Round "6"]
[White "Horton, Vincent"]
[Black "Ivancic, Fabian"]
[Result "0-1"]
[WhiteElo "1491"]
[BlackElo "1571"]
[PlyCount "74"]
[EventDate "2009.01.02"]
[EventType "swiss"]
[EventRounds "11"]
[EventCountry "AUS"]
[SourceTitle "CBM 128 Extra"]
[Source "ChessBase"]
[SourceDate "2009.03.05"]
[SourceVersion "2"]
[SourceVersionDate "2009.03.25"]
[SourceQuality "1"]

1. e4 e5 2. Nf3 Nc6 3. Bc4 Bc5 4. c3 Nf6 5. d3 h6 6. Nbd2 0-0 7. h3 Re8 8. Nf1 d6 9. g4 Nh7 10. Ng3 Na5 11. Bb5 c6 12. Ba4 b5 13. Bc2 Nb7 14. Rg1 Kh8 15. Nh5 g6 16. Ng3 Qf6 17. Qe2 a5 18. Nf1 Ng5 19. Bxg5 hxg5 20. h4 gxh4 21. g5 Qf4 22. Ne3 h3 23. Rh1 Kg7 24. Nf1 Rh8 25. N3h2 Bd7 26. Qd2 Qxd2+ 27. Nxd2 Nd8 28. Ndf3 Ne6 29. Rg1 Nf4 30. d4 exd4 31. Nxd4 Rae8 32. Kd2 d5 33. Rae1 Ng2 34. Re2 Bd6 35. Rh1 Bf4+ 36. Kd1 Bxh2 37. Rxh2 c5 0-1

[Event "AUS-ch U18"]
[Site "Adelaide"]
[Date "2009.01.03"]
[Round "2"]
[White "Nakauchi, Gene"]
[Black "Ivancic, Fabian"]
[Result "1-0"]
[WhiteElo "2039"]
[BlackElo "1571"]
[PlyCount "75"]
[EventDate "2009.01.02"]
[EventType "swiss"]
[EventRounds "11"]
[EventCountry "AUS"]
[SourceTitle "CBM 128 Extra"]
[Source "ChessBase"]
[SourceDate "2009.03.05"]
[SourceVersion "2"]
[SourceVersionDate "2009.03.25"]
[SourceQuality "1"]

1. d4 d5 2. c4 e6 3. Nc3 Nf6 4. Bg5 Nbd7 5. Nf3 c6 6. e3 Bd6 7. Qc2 0-0 8. a3 dxc4 9. Bxc4 b5 10. Ba2 Qb6 11. 0-0 c5 12. Rfe1 Bb7 13. Qe2 a6 14. Rad1 b4 15. dxc5 Bxc5 16. Na4 Qa5 17. Nxc5 Qxc5 18. Bf4 Bxf3 19. Qxf3 e5 20. axb4 Qxb4 21. Bg3 Qxb2 22. Bxf7+ Kxf7 23. Rxd7+ Kg8 24. Rb7 Qc3 25. Reb1 Rfe8 26. Bh4 e4 27. Qg3 Nh5 28. Qg4 Qe5 29. h3 Re6 30. Rc1 Rf8 31. Rbc7 Qf5 32. Qxf5 Rxf5 33. g4 Rf3 34. Rc8+ Kf7 35. R1c7+ Kg6 36. gxh5+ Kxh5 37. Bg3 Kg6 38. Rc6 1-0

[Event "AUS-ch U18"]
[Site "Canberra"]
[Date "2007.01.24"]
[Round "9"]
[White "Kumar, Sanjesh"]
[Black "Ivancic, Fabian"]
[Result "0-1"]
[WhiteElo "1028"]
[BlackElo "1302"]
[PlyCount "70"]
[EventDate "2007.01.14"]
[EventType "swiss"]
[EventRounds "11"]
[EventCountry "AUS"]
[SourceTitle "EXT 2008"]
[Source "ChessBase"]
[SourceDate "2007.11.25"]
[SourceVersion "1"]
[SourceVersionDate "2007.11.25"]
[SourceQuality "1"]

1. e4 e5 2. Nf3 Nc6 3. d4 exd4 4. Bc4 Nf6 5. e5 d5 6. Bb5 Nd7 7. Nxd4 Nxd4 8. Qxd4 a6 9. Ba4 b5 10. Bb3 Nb6 11. 0-0 c5 12. Qf4 c4 13. Bxc4 dxc4 14. Be3 Nd5 15. Qf3 Nxe3 16. Qxe3 Be6 17. Nd2 Be7 18. Rad1 Qc7 19. Qe4 0-0 20. Nf3 Rad8 21. c3 Rxd1 22. Rxd1 Rd8 23. Rxd8+ Qxd8 24. h3 Bd5 25. Qf4 Bxf3 26. Qxf3 Qc8 27. Qe4 g6 28. f4 Kg7 29. Qf3 Qf5 30. b3 cxb3 31. axb3 g5 32. Qb7 Bc5+ 33. Kh1 gxf4 34. Qxa6 Qb1+ 35. Kh2 Qg1# 0-1

[Event "Adelaide-ch"]
[Site "Adelaide"]
[Date "2005.08.16"]
[Round "6"]
[White "Sanderson, Christopher"]
[Black "Ivancic, Fabian"]
[Result "1/2-1/2"]
[WhiteElo "915"]
[BlackElo "998"]
[PlyCount "125"]
[EventDate "2005.07.12"]
[EventType "swiss"]
[EventRounds "7"]
[EventCountry "AUS"]
[SourceTitle "EXT 2010"]
[Source "ChessBase"]
[SourceDate "2010.11.25"]
[SourceVersion "1"]
[SourceVersionDate "2010.11.25"]
[SourceQuality "1"]

1. e4 e5 2. Nf3 Nc6 3. Bb5 a6 4. Ba4 Bc5 5. c3 d6 6. h3 Nf6 7. d3 h6 8. Be3 Bxe3 9. fxe3 b5 10. Bb3 Be6 11. Nbd2 Na5 12. 0-0 0-0 13. Bc2 c5 14. a3 Qb6 15. Rf2 c4 16. d4 exd4 17. exd4 d5 18. e5 Nd7 19. Nh4 Nc6 20. Qf3 Qd8 21. Qg3 Qg5 22. Qxg5 hxg5 23. Nhf3 g4 24. Ng5 gxh3 25. gxh3 a5 26. Kg2 Rae8 27. h4 Re7 28. Raf1 Nb6 29. Bg6 Nd8 30. h5 Nd7 31. Bc2 Bg4 32. Rh1 Ne6 33. Kg3 Nxg5 34. Kxg4 Nh7 35. h6 g6 36. Nf3 f5+ 37. exf6 Ndxf6+ 38. Kg3 Ne4+ 39. Bxe4 Rxe4 40. Ne5 Rxf2 41. Kxf2 Rf4+ 42. Ke3 Rf6 43. Rh2 g5 44. Ng4 Rf4 45. Ne5 Nf6 46. Rg2 Kh7 47. Rxg5 Re4+ 48. Kf3 Kxh6 49. Rg2 Kh7 50. Ng4 Nxg4 51. Rxg4 Rxg4 52. Kxg4 Kg6 53. Kf4 Kf6 54. Ke3 Kg5 55. Kf3 Kf5 56. Ke3 Kg4 57. Ke2 Kf4 58. Kf2 Ke4 59. Ke2 a4 60. Kd2 Kf3 61. Kd1 Kf2 62. Kd2 Kf3 63. Kd1 1/2-1/2